000
00282nam a2200121Ia 4500
005
20251222144631.0
008
251222s9999||||xx |||||||||||||| ||spa||
082
_a
613.284/T38
100
_a
Teodori, DarĂo
245
0
_a
La Simvastatina MSD Zocor:
264
_b
Dacte
942
_c
LIB
999
_c
16284
_d
16284